[Event "Detroit (MOR/6/18)"]
[Site "?"]
[Date "1990.??.??"]
[Round "?"]
[White "Nikitin, Mike"]
[Black "Boldrick, Thomas"]
[Result "1-0"]
[WhiteElo "1605"]
[BlackElo "1680"]
[PlyCount "165"]
[EventDate "1990.??.??"]

{6/(18)} 1. e4 e6 2. d4 d5 3. e5 c5 4. c3 Nc6 5. Nf3 Qb6 6. Na3 f6 7. Bb5 Bd7
8. Bxc6 Bxc6 9. O-O Nh6 10. Nc2 Nf5 11. g4 Ne7 12. Rb1 Bb5 13. Re1 Nc6 14. Be3
Qc7 15. Bf4 fxe5 16. Bg3 Be7 17. Qd2 O-O 18. Ng5 Bxg5 19. Qxg5 Qf7 20. dxe5 Bd3
21. Rbc1 Be4 22. Qe3 Qg6 23. Qe2 Bf3 24. Qe3 Qxg4 25. Qxc5 Qh3 26. Ne3 Be4 27.
Qb5 Rf3 28. Qf1 Qh5 29. Rcd1 Nxe5 30. Rd2 Rf6 31. Bxe5 Qxe5 32. Qh3 Rh6 33. Ng4
Qg5 34. f4 Qg6 35. Qg3 Rh5 36. Re3 Rf8 37. Rf2 Rhf5 38. Ne5 Qh5 39. Ng4 Qg6 40.
Ne5 Qxg3+ 41. hxg3 Rh5 42. Rh2 Rff5 43. Ree2 Rxh2 44. Rxh2 g5 45. Ng4 Rf8 46.
fxg5 Rf3 47. Nf6+ Kg7 48. Nh5+ Kg6 49. Nf4+ Kxg5 50. Nxe6+ Kg4 51. Nd4 Rxg3+
52. Kf2 Rh3 53. Rxh3 Kxh3 54. Ne2 Kg4 55. Kg1 Bf3 56. Nd4 h5 57. Kh2 h4 58. a4
a5 59. b4 axb4 60. cxb4 h3 61. a5 Bg2 62. b5 Kf4 63. a6 bxa6 64. bxa6 Ke5 65.
a7 Kxd4 66. a8=Q Ke3 67. Qa3+ Ke4 68. Qe7+ Kd4 69. Qb4+ Ke5 70. Qd2 Kf5 71. Qd4
Ke6 72. Kg1 Kd6 73. Kf2 Ke6 74. Ke1 Kd6 75. Kd2 Ke6 76. Kc3 Kd6 77. Kb4 Ke6 78.
Kc5 Kf5 79. Kd6 Kg5 80. Ke6 Be4 81. Qe3+ Kh4 82. Qf4+ Kh5 83. Kf6 1-0

[Event "Detroit (MOR/4/54)"]
[Site "?"]
[Date "1990.??.??"]
[Round "?"]
[White "Nicolli, Randy"]
[Black "Rosenfield, C."]
[Result "0-1"]
[WhiteElo "1605"]
[BlackElo "1605"]
[PlyCount "84"]
[EventDate "1990.??.??"]

{4/(54)} 1. d4 Nf6 2. Bf4 e6 3. e3 g6 4. Nf3 Nc6 5. a3 d5 6. c4 Nh5 7. Be5 Nxe5
8. Nxe5 Bg7 9. Nf3 c6 10. Be2 O-O 11. c5 b6 12. b4 a5 13. Qd2 Nf6 14. O-O Ne4
15. Qb2 bxc5 16. bxc5 Nxc5 17. Qc2 Ba6 18. Bxa6 Nxa6 19. Qxc6 Qc7 20. Qa4 Rfc8
21. Nbd2 Rab8 22. Rfc1 Qxc1+ 23. Rxc1 Rxc1+ 24. Nf1 Rbb1 25. N3d2 Rb2 26. Qxa5
Nb8 27. g3 Bf8 28. Kg2 Ra2 29. a4 Nc6 30. Qb5 Rcc2 31. Qb6 Bb4 32. e4 Bxd2 33.
Nxd2 Rxd2 34. Qxc6 Rxf2+ 35. Kh3 Rxh2+ 36. Kg4 dxe4 37. Qa8+ Kg7 38. Qxe4 h5+
39. Kf4 Rhf2+ 40. Ke5 Rfe2 41. Kf4 Rxe4+ 42. Kxe4 Rxa4 0-1

[Event "Detroit (MOR/1b/32)"]
[Site "?"]
[Date "1990.??.??"]
[Round "?"]
[White "Nicolli, Randy"]
[Black "Conlon, Russell"]
[Result "1/2-1/2"]
[WhiteElo "1605"]
[BlackElo "1605"]
[PlyCount "78"]
[EventDate "1990.??.??"]

1. d4 f5 2. Bf4 Nf6 3. Nc3 g6 4. e3 Bg7 5. Bc4 d5 6. Bb3 c6 7. Nf3 O-O 8. Ne5
Nbd7 9. Qf3 Ne4 10. Nxd5 Nxe5 11. Nc7+ Kh8 12. Bxe5 Bxe5 13. Nxa8 Qa5+ 14. c3
Bd6 15. Rc1 Bd7 16. Qe2 Rxa8 17. O-O e5 18. f3 Nf6 19. dxe5 Qxe5 20. f4 Qe7 21.
Rcd1 Re8 22. h3 Bc7 23. Rfe1 Bxf4 24. Rd3 Nh5 25. Qf2 Bg3 26. Qe2 Bxe1 27. Qxe1
Nf4 28. Rd2 Ne6 29. Qd1 Nc5 30. Re2 f4 31. Qd4+ Qg7 32. Qxc5 b6 33. Qg5 Qf8 34.
Rf2 Rxe3 35. Rxf4 Qd6 36. Qd8+ Re8 37. Qh4 Bf5 38. Rd4 Qe7 39. Rf4 Qe3+ 1/2-1/2

[Event "Detroit (MOR/3/38)"]
[Site "?"]
[Date "1990.??.??"]
[Round "?"]
[White "Neely, Richard"]
[Black "Watkins, K."]
[Result "1/2-1/2"]
[WhiteElo "1605"]
[BlackElo "1605"]
[PlyCount "93"]
[EventDate "1990.??.??"]

{3/(38)} 1. d4 d5 2. Nf3 Nc6 3. g3 Nf6 4. Bg2 e6 5. O-O Bd6 6. a3 Bd7 7. Re1
O-O 8. Nc3 e5 9. dxe5 Nxe5 10. Nxe5 Bxe5 11. Bg5 Qc8 12. Bxf6 Bxf6 13. Nxd5 Rd8
14. Qd2 Bc6 15. c4 Qe6 16. Rad1 Ba4 17. Rc1 Rac8 18. Qf4 Be5 19. Qe3 c6 20. b3
cxd5 21. bxa4 Rxc4 22. Rxc4 dxc4 23. Qxa7 c3 24. Qe3 Qd6 25. Be4 Qd2 26. Kf1
Qxe3 27. fxe3 Rd2 28. Rc1 Ra2 29. Rc2 Rxa3 30. Bxb7 Rxa4 31. Bd5 g6 32. Kf2 Kg7
33. Kf3 f5 34. e4 fxe4+ 35. Bxe4 Rd4 36. Rxc3 Rxe4 37. Rc5 Bd6 38. Kxe4 Bxc5
39. Kd5 Ba7 40. e4 Kf6 41. Kd6 Bb8+ 42. Kd5 h5 43. Kd4 g5 44. Ke3 h4 45. Kf3
Kg6 46. gxh4 gxh4 47. Kg4 1/2-1/2

[Event "Detroit (MOR/1b/23)"]
[Site "?"]
[Date "1990.??.??"]
[Round "?"]
[White "Neely, Richard"]
[Black "Sturgis, Derreck"]
[Result "1-0"]
[WhiteElo "1605"]
[BlackElo "1605"]
[PlyCount "23"]
[EventDate "1990.??.??"]

1. d4 Nf6 2. Nf3 e6 3. g3 d5 4. Bg2 c5 5. c3 cxd4 6. cxd4 b6 7. Qc2 Bb7 8. O-O
Nbd7 9. Bf4 Rc8 10. Qa4 h5 11. Nc3 Bc6 12. Qb3 {[Remainder illegible; 1-0, 27?]
} 1-0

[Event "Lansing (MI Am/1/12)"]
[Site "?"]
[Date "1990.??.??"]
[Round "?"]
[White "Neely, Richard"]
[Black "Mellen, Steve"]
[Result "1/2-1/2"]
[WhiteElo "1605"]
[BlackElo "1910"]
[PlyCount "50"]
[EventDate "1990.??.??"]

{1/(12)} 1. d4 Nf6 2. c4 g6 3. Nc3 Bg7 4. Bg5 d6 5. Nf3 h6 6. Bh4 g5 7. Bg3 Nh5
8. e4 c5 9. e5 Nxg3 10. fxg3 cxd4 11. Qxd4 Nc6 12. Qd5 Nxe5 13. Nxe5 Bxe5 14.
c5 Qa5 15. Bb5+ Kf8 16. O-O e6 17. Qd3 dxc5 18. Qg6 f5 19. Rad1 Qc7 20. Ne4
Bd4+ 21. Rxd4 cxd4 22. Qf6+ Kg8 23. Qg6+ Kf8 24. Qf6+ Kg8 25. Qg6+ Kf8 1/2-1/2

[Event "Detroit (MOR/5/32)"]
[Site "?"]
[Date "1990.??.??"]
[Round "?"]
[White "Neely, Richard"]
[Black "James, Larry"]
[Result "0-1"]
[WhiteElo "1605"]
[BlackElo "1605"]
[PlyCount "150"]
[EventDate "1990.??.??"]

{5/(32)} 1. d4 d5 2. Nf3 Nf6 3. g3 Bf5 4. Bf4 e6 5. Nbd2 c5 6. c4 Nc6 7. Nb3
cxd4 8. Nbxd4 Bb4+ 9. Bd2 Be4 10. Nxc6 Bxd2+ 11. Qxd2 bxc6 12. Rd1 Qb6 13. Bg2
Rb8 14. b3 O-O 15. O-O Rfd8 16. Qd4 dxc4 17. Qxb6 axb6 18. bxc4 Rxd1 19. Rxd1
Ra8 20. Ne5 Bxg2 21. Kxg2 g6 22. Nxc6 Rxa2 23. Re1 Rc2 24. Ne5 Ne4 25. Nd7 Rb2
26. f3 Nc3 27. Kf1 Kg7 28. Ne5 Kf6 29. Nd3 Rc2 30. Rc1 Rxc1+ 31. Nxc1 Ke5 32.
e3 Nd1 33. Nd3+ Kd6 34. Ke2 Nc3+ 35. Kd2 Na4 36. e4 e5 37. Kc2 Nc5 38. Nb4 Ne6
39. Kd3 Nd4 40. f4 Nf3 41. h3 exf4 42. gxf4 Ng1 43. Kd4 Nxh3 44. e5+ Kd7 45.
Nd5 Kc6 46. Ne7+ Kd7 47. Nd5 h5 48. Nxb6+ Kc6 49. Nd5 h4 50. Ke4 Ng1 51. Ne3
Kc5 52. f5 h3 53. Nf1 gxf5+ 54. Kxf5 Kxc4 55. Ne3+ Kd3 56. Ng4 Ke2 57. Kf6 Nf3
58. Kf5 Kf1 59. Kf4 Kg2 60. Ne3+ Kg1 61. Ng4 Nh2 62. Ne3 Kf2 63. Nd1+ Ke1 64.
Ne3 Ke2 65. Nf5 Nf1 66. Nd4+ Kf2 67. Nf3 Ng3 68. Nh2 Kg2 69. Ng4 Ne2+ 70. Ke3
Kg3 71. Nf2 Ng1 72. Nxh3 Nxh3 73. Ke4 Kg4 74. e6 fxe6 75. Ke5 Ng5 0-1

[Event "Lansing (MI Am/4/22)"]
[Site "?"]
[Date "1990.??.??"]
[Round "?"]
[White "Neely, Richard"]
[Black "Brattin, Vincent"]
[Result "0-1"]
[WhiteElo "1605"]
[BlackElo "1975"]
[PlyCount "50"]
[EventDate "1990.??.??"]

{4/(22)} 1. d4 d5 2. c4 c6 3. e3 Nf6 4. Nc3 e6 5. Nf3 Be7 6. c5 O-O 7. Bd3 Nbd7
8. O-O b6 9. b4 a5 10. Ba3 axb4 11. Bxb4 bxc5 12. dxc5 Nxc5 13. Ne5 Nxd3 14.
Bxe7 Qxe7 15. Qxd3 Ba6 16. Qb1 Bxf1 17. Qxf1 c5 18. a4 Qc7 19. f4 Qa5 20. Nb5
Qb4 21. Nc6 Qb3 22. Qc1 Rxa4 23. Rxa4 Qxa4 24. Qxc5 Qd1+ 25. Kf2 Ne4# 0-1

[Event "Lansing (MI Am/4/20)"]
[Site "?"]
[Date "1990.??.??"]
[Round "?"]
[White "Needleman, Andrew"]
[Black "Sutton, T."]
[Result "0-1"]
[WhiteElo "1605"]
[BlackElo "1820"]
[PlyCount "62"]
[EventDate "1990.??.??"]

{4/(20)} 1. d4 d5 2. Bf4 Nf6 3. e3 g6 4. Bd3 Bg7 5. Nf3 O-O 6. Nbd2 Re8 7. Be5
Nbd7 8. Qe2 Nxe5 9. Nxe5 c6 10. O-O-O Nd7 11. Nxd7 Bxd7 12. h4 h5 13. Rdg1 e5
14. dxe5 Bxe5 15. g4 Bxg4 16. Rxg4 hxg4 17. Qxg4 Qf6 18. Nb3 Bxb2+ 19. Kd1 Re7
20. h5 Rae8 21. hxg6 fxg6 22. Rg1 Rg7 23. e4 dxe4 24. Bxe4 Qxf2 25. Bd3 b5 26.
Rf1 Qh2 27. Bxg6 Rd8+ 28. Ke1 Bc3+ 29. Nd2 Bxd2+ 30. Kd1 Bh6+ 31. Ke1 Qd2# 0-1

[Event "Lansing (MI Am/3/32)"]
[Site "?"]
[Date "1990.??.??"]
[Round "?"]
[White "Needleman, Andrew"]
[Black "Moceri, Paul"]
[Result "1-0"]
[WhiteElo "1605"]
[BlackElo "1610"]
[PlyCount "92"]
[EventDate "1990.??.??"]

{3/(32)} 1. d4 e6 2. Bf4 Nf6 3. Nd2 b6 4. Ngf3 Bb7 5. e3 Be7 6. Bd3 d6 7. h3
O-O 8. O-O Nbd7 9. c3 Nd5 10. Bg3 f5 11. Bh2 Qe8 12. Qb1 Qh5 13. e4 fxe4 14.
Bxe4 Bg5 15. c4 Bxd2 16. Nxd2 N7f6 17. Bf3 Qg5 18. Qe1 Rae8 19. cxd5 exd5 20.
Qd1 Bc8 21. Bg3 Ne4 22. Nxe4 dxe4 23. Bg4 Bb7 24. Qb3+ Bd5 25. Qe3 Qg6 26. b3
Bb7 27. Rac1 Re7 28. Bh4 Ref7 29. Qg5 Qxg5 30. Bxg5 Kh8 31. Be6 h6 32. Bxf7
Rxf7 33. Bd8 Ba6 34. Rfe1 c5 35. dxc5 d5 36. cxb6 axb6 37. Bxb6 Rd7 38. Rcd1
Bd3 39. Rd2 Rb7 40. Be3 Rd7 41. f3 Rd8 42. fxe4 dxe4 43. Bf2 Rc8 44. Red1 Re8
45. Rxd3 exd3 46. Rxd3 Re2 1-0

[Event "Detroit (MOR/4/27)"]
[Site "?"]
[Date "1990.??.??"]
[Round "?"]
[White "Needleman, Andrew"]
[Black "Falkowski, Kenneth"]
[Result "0-1"]
[WhiteElo "1605"]
[BlackElo "1790"]
[PlyCount "138"]
[EventDate "1990.??.??"]

{4/(27)} 1. d4 Nf6 2. Bf4 e6 3. Nf3 c5 4. e3 d5 5. c3 c4 6. g3 a5 7. Nbd2 b5 8.
Qc2 h6 9. e4 Bb7 10. e5 Ng8 11. Bg2 Ne7 12. b3 Ng6 13. Be3 Be7 14. O-O O-O 15.
bxc4 bxc4 16. Ne1 Qd7 17. Rb1 Bc6 18. f4 f5 19. exf6 Rxf6 20. Nef3 Ba3 21. Qd1
Ba4 22. Qe1 Bc2 23. Ne5 Nxe5 24. dxe5 Rf7 25. Rb6 Qc7 26. Rxe6 Bf5 27. Re8+ Kh7
28. Bxd5 Bd3 29. Rf2 Qd7 30. Bxf7 Qxf7 31. Rd8 Qc7 32. Rxd3 cxd3 33. Bd4 Nc6
34. Qe4+ Kh8 35. Qxd3 Rb8 36. Re2 Rd8 37. e6 Bc5 38. Nb3 Bb6 39. Qe3 Nxd4 40.
cxd4 Qe7 41. Qe5 a4 42. Nc5 Rxd4 43. Qxd4 Bxc5 44. Qxc5 Qxc5+ 45. Kf1 Qe7 46.
Kf2 g6 47. Kf3 Kg7 48. g4 Kf6 49. h4 Qb7+ 50. Kg3 Ke7 51. f5 Qc7+ 52. Kf3 Qc6+
53. Re4 Qc3+ 54. Re3 Qf6 55. Kg3 gxf5 56. gxf5 Qxf5 57. a3 h5 58. Kg2 Qg4+ 59.
Kf1 Qxh4 60. Ke2 Qg4+ 61. Kf1 h4 62. Kf2 h3 63. Rg3 Qh4 64. Kf3 h2 65. Rg2 h1=Q
66. Ke3 Qxg2 67. Kd3 Qgg3+ 68. Ke2 Qhh2+ 69. Kf1 Qgg1# 0-1

[Event "Detroit (MOR/6/41)"]
[Site "?"]
[Date "1990.??.??"]
[Round "?"]
[White "Needleman, Andrew"]
[Black "Carpenter, O."]
[Result "1-0"]
[WhiteElo "1605"]
[BlackElo "1605"]
[PlyCount "43"]
[EventDate "1990.??.??"]

{6/(41)} 1. d4 Nf6 2. e3 c6 3. Bd3 d5 4. Nd2 g6 5. f4 Bg7 6. Ngf3 Bg4 7. h3
Bxf3 8. Nxf3 Nbd7 9. Ne5 Nxe5 10. fxe5 Nd7 11. O-O e6 12. Qg4 Rf8 13. Bd2 b6
14. Rf3 Qe7 15. Raf1 Kd8 16. Be1 f6 17. exf6 Bxf6 18. a3 a5 19. Bc3 Kc7 20. e4
Kb7 21. exd5 cxd5 22. Re1 $138 1-0

[Event "Detroit (MOR/2/20)"]
[Site "?"]
[Date "1990.??.??"]
[Round "?"]
[White "Needleman, Andrew"]
[Black "Boyce, Alroy"]
[Result "0-1"]
[WhiteElo "1605"]
[BlackElo "1690"]
[PlyCount "130"]
[EventDate "1990.??.??"]

{2/(20)} 1. d4 Nf6 2. Bf4 e6 3. Nf3 b6 4. e3 Bb7 5. Nbd2 d5 6. Bd3 Bd6 7. Bxd6
Qxd6 8. O-O Nbd7 9. c3 O-O 10. Qb1 c5 11. Re1 cxd4 12. exd4 h6 13. Ne5 Rac8 14.
Ndf3 Rc7 15. Nxd7 Nxd7 16. Re3 Rfc8 17. Qc1 a6 18. Qd2 b5 19. a3 Nb6 20. Ne5 f6
21. Ng4 h5 22. Nxf6+ gxf6 23. Rg3+ Rg7 24. Qh6 Rxg3 25. Qh7+ Kf8 26. fxg3 Rc7
27. Qh8+ Ke7 28. Qg7+ Kd8 29. Qxf6+ Re7 30. Qh8+ Kc7 31. Qxh5 e5 32. dxe5 Rxe5
33. Qf7+ Qe7 34. Qf4 Kc6 35. h4 Bc8 36. Rf1 Re3 37. Qh6+ Kb7 38. Bg6 Qe5 39.
Qf4 Nc4 40. h5 Rxg3 41. Qf7+ Kb8 42. h6 Ne3 43. Rf2 Qg5 44. Qf4+ Qxf4 45. Rxf4
Rxg2+ 46. Kh1 Rxg6 47. Rh4 Rg8 48. h7 Rh8 49. Kg1 Bf5 50. Rh6 Kb7 51. Rf6 Rxh7
52. Kf2 Ng4+ 53. Kg3 Nxf6 54. Kf4 Be4 55. b3 Kc6 56. c4 d4 57. cxb5+ axb5 58.
Ke5 d3 59. a4 bxa4 60. bxa4 d2 61. Kxf6 d1=Q 62. a5 Rh5 63. a6 Qd6+ 64. Kf7
Rh7+ 65. Kg8 Qd8# 0-1

[Event "Lansing (Mini-Swiss.3/2)"]
[Site "?"]
[Date "1990.??.??"]
[Round "?"]
[White "Needleman, Andrew"]
[Black "Asbury, Victor"]
[Result "1-0"]
[WhiteElo "1605"]
[BlackElo "1605"]
[PlyCount "93"]
[EventDate "1990.??.??"]

{3/(2)} 1. d4 Nf6 2. Bf4 c5 3. c3 b6 4. e3 g6 5. Be2 Bb7 6. Bf3 d5 7. Ne2 Bg7
8. O-O O-O 9. Nd2 Na6 10. Qb3 Nc7 11. dxc5 Ne6 12. cxb6 axb6 13. Be5 Nc5 14.
Qc2 e6 15. Rfd1 Ncd7 16. Bg3 e5 17. Nc1 Qe7 18. Ncb3 Nc5 19. c4 Rad8 20. cxd5
Nxd5 21. Nxc5 bxc5 22. Nb3 Nb4 23. Qxc5 Qxc5 24. Nxc5 Bxf3 25. gxf3 Rxd1+ 26.
Rxd1 Nxa2 27. Ra1 Nc3 28. bxc3 f5 29. Nd7 f4 30. Nxf8 fxg3 31. Ne6 gxh2+ 32.
Kxh2 Bf6 33. c4 Kf7 34. Nc5 Be7 35. Ra7 Kf6 36. Ne4+ Ke6 37. Ra6+ Kd7 38. Ra7+
Ke6 39. c5 h5 40. c6 Bc5 41. Nxc5+ Kd6 42. c7 Kxc5 43. c8=Q+ Kd6 44. Qd7+ Kc5
45. Rc7+ Kb4 46. Qc6 g5 47. Qb6+ 1-0

[Event "Detroit (MOR/5/4)"]
[Site "?"]
[Date "1990.??.??"]
[Round "?"]
[White "Munger, Larry"]
[Black "Rosenberg, Steve"]
[Result "0-1"]
[WhiteElo "1730"]
[BlackElo "1780"]
[PlyCount "90"]
[EventDate "1990.??.??"]

{5/(4)} 1. e4 Nf6 2. d3 e5 3. Nf3 Nc6 4. g3 Bc5 5. Bg2 h6 6. O-O d6 7. c3 Bg4
8. Nbd2 Qd7 9. b4 Bb6 10. a4 a6 11. Nb3 Bh3 12. Bb2 Bxg2 13. Kxg2 O-O 14. b5
Ne7 15. c4 Rfe8 16. Qc2 Ng6 17. Rfe1 Qg4 18. Qe2 Nf4+ 19. Kg1 Nxe2+ 20. Rxe2
Qxf3 21. Rae1 Ng4 22. Nd2 Qf6 23. Kg2 Ba5 24. Bc1 Qg6 25. Rf1 Bxd2 26. Bxd2 Nf6
27. f3 axb5 28. a5 bxc4 29. dxc4 Nh5 30. Be3 Nf4+ 31. Bxf4 exf4 32. g4 Rxa5 33.
Rff2 Rea8 34. Rc2 Ra1 35. Rb2 b6 36. Rbc2 Qf6 37. Rfe2 Qh4 38. Rf2 Rd1 39. Rf1
Rxf1 40. Kxf1 Ra1+ 41. Kg2 Qe1 42. Kh3 Qe3 43. c5 Qxf3+ 44. Kh4 g5+ 45. Kh5
Qh3# 0-1

[Event "Detroit (MOR/7/4)"]
[Site "?"]
[Date "1990.??.??"]
[Round "?"]
[White "Munger, Larry"]
[Black "Collins, Charles"]
[Result "0-1"]
[WhiteElo "1730"]
[BlackElo "1790"]
[PlyCount "130"]
[EventDate "1990.??.??"]

{7/(4)} 1. e4 Nf6 2. d3 d6 3. g3 g6 4. Bg2 Bg7 5. Nf3 Nc6 6. c3 e5 7. O-O O-O
8. Be3 h6 9. Nbd2 Ng4 10. d4 Nxe3 11. fxe3 Kh7 12. Nc4 b5 13. Na3 Rb8 14. Nc2
a5 15. d5 Ne7 16. Nh4 h5 17. Rf2 Bh6 18. Qf1 Kg7 19. Bh3 b4 20. cxb4 axb4 21.
b3 c5 22. Bxc8 Qxc8 23. Qe2 Qg4 24. Qxg4 hxg4 25. Re2 f5 26. exf5 gxf5 27. e4
f4 28. gxf4 Rxf4 29. Rf1 Rbf8 30. Rxf4 Rxf4 31. Kg2 Bg5 32. Kg3 Kh6 33. Ng2 Kh5
34. Nxf4+ exf4+ 35. Kf2 Ng6 36. Ne1 Ne5 37. Rc2 Kh4 38. Ke2 Kh3 39. Nd3 f3+ 40.
Kf1 Nxd3 41. a3 bxa3 42. Ra2 Bf4 43. Rxa3 Bxh2 44. b4 Nxb4 45. Ra7 Nd3 46. Rh7+
Kg3 47. Rh6 Kf4 48. Rxh2 Kxe4 49. Rh5 g3 50. Rg5 g2+ 51. Kg1 Ne5 52. Kf2 Kxd5
53. Rf5 c4 54. Rf8 c3 55. Rc8 Kd4 56. Rd8 Nc4 57. Rf8 c2 58. Rf4+ Kc5 59. Rxf3
g1=Q+ 60. Kxg1 c1=Q+ 61. Kh2 Qg5 62. Kh1 Ne3 63. Rg3 Qh4+ 64. Kg1 Qxg3+ 65. Kh1
Qg2# 0-1

[Event "Detroit (MOR/3/8)"]
[Site "?"]
[Date "1990.??.??"]
[Round "?"]
[White "Munger, Larry"]
[Black "Carpenter, George"]
[Result "1-0"]
[WhiteElo "1730"]
[BlackElo "1605"]
[PlyCount "129"]
[EventDate "1990.??.??"]

{3/(8)} 1. e4 d6 2. g3 Nf6 3. d3 g6 4. Bg2 Bg7 5. Nf3 O-O 6. O-O Bg4 7. Be3 Qc8
8. c3 Bh3 9. Qc2 Bxg2 10. Kxg2 c5 11. e5 Ng4 12. exd6 Nxe3+ 13. fxe3 exd6 14.
Nbd2 d5 15. d4 cxd4 16. exd4 Nc6 17. a3 a5 18. Rae1 b5 19. Re2 Nxd4 20. Nxd4
Bxd4 21. Qd3 Bg7 22. Qxd5 b4 23. Ne4 bxc3 24. Nd6 Qd7 25. Rxf7 Rxf7 26. Qxa8+
Rf8 27. Qd5+ Kh8 28. bxc3 Bxc3 29. Re3 Bb2 30. Rb3 Rf6 31. Qa8+ Kg7 32. Ne8+
Kh6 33. Nxf6 Qd2+ 34. Kh3 Bxf6 35. Qf8+ Bg7 36. Qe8 Qg5 37. Qe3 Qxe3 38. Rxe3
Kg5 39. Rf3 Bb2 40. a4 Bf6 41. Kg2 h5 42. h3 Bd8 43. Rd3 Bb6 44. Kf3 h4 45. g4
Bc7 46. Ke4 Kf6 47. Kd5 Ke7 48. Kc6 Bd8 49. Rd7+ Ke8 50. Rd6 g5 51. Rxd8+ Kxd8
52. Kb5 Kc7 53. Kxa5 Kc6 54. Kb4 Kb6 55. Kc4 Ka5 56. Kd4 Kxa4 57. Ke4 Kb5 58.
Kf5 Kc6 59. Kxg5 Kd6 60. Kxh4 Ke6 61. Kg5 Kf7 62. Kh6 Kg8 63. g5 Kh8 64. g6 Kg8
65. g7 1-0

[Event "Flint (Class DEU/2)"]
[Site "?"]
[Date "1990.??.??"]
[Round "?"]
[White "Motley, Gerald"]
[Black "Vangilder, W."]
[Result "1-0"]
[WhiteElo "1605"]
[BlackElo "1605"]
[PlyCount "73"]
[EventDate "1990.??.??"]

1. c4 e6 2. d4 d5 3. Nc3 Nf6 4. Bg5 Nbd7 5. Nf3 c6 6. c5 h6 7. Bh4 Be7 8. e3
O-O 9. Bd3 b6 10. b4 bxc5 11. bxc5 a5 12. a4 Ba6 13. Bxa6 Rxa6 14. Rb1 Qc7 15.
Bg3 Qd8 16. Ne5 Nxe5 17. Bxe5 Nd7 18. Bg3 Bf6 19. O-O Re8 20. Qd3 Ra7 21. Rb2
e5 22. Rfb1 exd4 23. exd4 Ra8 24. Ne2 Ne5 25. dxe5 Bxe5 26. Bxe5 Rxe5 27. Qg3
Qe7 28. Kf1 Re8 29. Qd3 Qc7 30. g3 f5 31. Rb7 Qd8 32. Nf4 Qf6 33. Kg2 R8e7 34.
Rxe7 Qxe7 35. Ng6 Qxc5 36. Nxe5 d4 37. Rb8+ 1-0

[Event "Lansing (MI Am/4/28)"]
[Site "?"]
[Date "1990.??.??"]
[Round "?"]
[White "Motley, Gerald"]
[Black "Pavlovich, J."]
[Result "1-0"]
[WhiteElo "1605"]
[BlackElo "1605"]
[PlyCount "55"]
[EventDate "1990.??.??"]

{4/(28)} 1. Nf3 c5 2. e4 Nc6 3. Nc3 g6 4. Bc4 Bg7 5. d3 e6 6. Bd2 Nf6 7. Bg5
Qb6 8. Rb1 a6 9. Qd2 Qc7 10. Bf4 Qd8 11. Bg5 Qc7 12. Bf4 d6 13. h3 b5 14. Bb3
Bb7 15. Bh6 O-O 16. Bxg7 Kxg7 17. a3 Nd7 18. O-O Rad8 19. Qe3 Nf6 20. Ne2 Na5
21. Ba2 c4 22. Ng3 Rfe8 23. b4 Nc6 24. dxc4 bxc4 25. Qf4 Ne7 26. Rfe1 Rc8 27.
Rbd1 d5 28. e5 {]Remainder illegible; 1-0, 38?]} 1-0

[Event "Lansing (MI Am/1/48)"]
[Site "?"]
[Date "1990.??.??"]
[Round "?"]
[White "Motley, Gerald"]
[Black "Grzegorczyk, Ron"]
[Result "0-1"]
[WhiteElo "1605"]
[BlackElo "1680"]
[PlyCount "115"]
[EventDate "1990.??.??"]

{1/(48)} 1. c4 e5 2. Nc3 Nf6 3. Nf3 Nc6 4. d4 exd4 5. Nxd4 Be7 6. Bf4 a6 7. e3
O-O 8. Bd3 Bb4 9. Qc2 Nxd4 10. exd4 Re8+ 11. Be3 d5 12. O-O c6 13. Bg5 Be7 14.
Rfe1 h6 15. Bh4 dxc4 16. Bxf6 Bxf6 17. Rxe8+ Qxe8 18. Bxc4 Bxd4 19. Ne4 Qe5 20.
Re1 Be6 21. b3 Bxc4 22. Qxc4 Rd8 23. g3 Rd5 24. Kg2 f5 25. f4 Qe7 26. Qc2 fxe4
27. Rxe4 Qd7 28. Qe2 Bf6 29. Qc4 b5 30. Qf1 Rd2+ 31. Re2 Qd5+ 32. Kh3 Qf5+ 33.
Kg2 Qe4+ 34. Kf2 Bd4+ 35. Ke1 Rxe2+ 36. Qxe2 Bc3+ 37. Kf2 Bd4+ 38. Ke1 Qb1+ 39.
Qd1 Bc3+ 40. Ke2 Qxd1+ 41. Kxd1 c5 42. h3 Kf7 43. Kc2 Bd4 44. Kd3 Ke6 45. Ke4
Bf2 46. f5+ Kf6 47. g4 g6 48. fxg6 Kxg6 49. Kf4 c4 50. bxc4 bxc4 51. Ke4 c3 52.
Kd3 Be1 53. h4 Bxh4 54. Kxc3 a5 55. Kd3 Kg5 56. a4 Kxg4 57. Ke2 Kg3 58. Kf1 0-1

[Event "Detroit (MOR/4/8)"]
[Site "?"]
[Date "1990.??.??"]
[Round "?"]
[White "Mose, Greg"]
[Black "Troupe, D."]
[Result "1/2-1/2"]
[WhiteElo "1710"]
[BlackElo "1605"]
[PlyCount "115"]
[EventDate "1990.??.??"]

{4/(8)} 1. e4 e5 2. Nf3 Nc6 3. Bb5 Bd6 4. Bxc6 dxc6 5. d4 exd4 6. Qxd4 f6 7.
O-O Bg4 8. Qe3 b6 9. e5 Bc5 10. Qe4 Bxf3 11. Qxf3 Qd5 12. Qxd5 cxd5 13. exf6
Nxf6 14. Re1+ Ne4 15. Be3 Bxe3 16. Rxe3 O-O 17. f3 Nd6 18. Nd2 Nf5 19. Re5 c6
20. Rae1 Nd6 21. Re6 Rfd8 22. b4 Rac8 23. a4 a5 24. bxa5 bxa5 25. Nb3 Nc4 26.
Nc5 Rf8 27. Kf2 Na3 28. c3 Rf4 29. Nb7 h6 30. Nxa5 Rxa4 31. Nxc6 Kh7 32. Ra1
Ra6 33. h4 h5 34. g4 Rcxc6 35. Rxc6 Rxc6 36. Rxa3 hxg4 37. fxg4 Rc4 38. Kf3 Kh6
39. Rb3 g6 40. Kg3 d4 41. cxd4 Rxd4 42. Re3 Rd6 43. Kf3 Rf6+ 44. Kg3 Rd6 45.
Kf3 Rf6+ 46. Kg3 Rd6 47. Kf4 Rd4+ 48. Re4 Rd6 49. Ke5 Ra6 50. Kd5 Ra5+ 51. Ke6
Ra6+ 52. Kf7 Ra7+ 53. Re7 Ra4 54. g5+ Kh5 55. Kf6 Ra6+ 56. Kg7 Ra4 57. Re6 Ra7+
58. Kf6 1/2-1/2

[Event "Detroit (MOR/6/17)"]
[Site "?"]
[Date "1990.??.??"]
[Round "?"]
[White "Mose, Greg"]
[Black "Sujarit, A."]
[Result "0-1"]
[WhiteElo "1710"]
[BlackElo "1605"]
[PlyCount "144"]
[EventDate "1990.??.??"]

{6/(17)} 1. e4 e5 2. Nf3 Nc6 3. Bb5 a6 4. Ba4 Nf6 5. O-O b5 6. Bb3 Bb7 7. Re1
d6 8. c3 Ne7 9. Bc2 Nc6 10. d4 Be7 11. Bg5 h6 12. Bh4 O-O 13. d5 Na7 14. Nbd2
c6 15. dxc6 Nxc6 16. Nf1 Nh7 17. Bxe7 Nxe7 18. Ne3 Qc7 19. Nd5 Bxd5 20. exd5
Nf6 21. Bb3 Qc5 22. c4 bxc4 23. Rc1 Qb5 24. Bxc4 Qxb2 25. Bb3 Qa3 26. Qd2 Rfc8
27. Rxc8+ Rxc8 28. h3 Qc5 29. Nh4 Nfxd5 30. Bxd5 Qxd5 31. Qe2 Qb7 32. f4 f6 33.
f5 Qc6 34. g4 Qc5+ 35. Kh1 Qa3 36. Qg2 Rc3 37. Kh2 Qa4 38. Qa8+ Kf7 39. Qe4
Qxe4 40. Rxe4 Rc2+ 41. Ng2 Rxa2 42. Rb4 Rc2 43. Rb6 Rc6 44. Rb7 Ke8 45. Ne3 Kd8
46. Ra7 d5 47. Ra8+ Kd7 48. Ra7+ Kd6 49. Kg2 d4 50. Nd1 Rc2+ 51. Kf1 Ra2 52.
Rb7 Rc2 53. Ke1 Rc5 54. Nb2 Rb5 55. Nc4+ Kc5 56. Rxe7 Kxc4 57. Rxg7 d3 58. h4
Rb1+ 59. Kd2 Rb2+ 60. Kc1 Rh2 61. g5 hxg5 62. hxg5 fxg5 63. f6 Rh8 64. Rxg5 Kc3
65. Rg1 Rf8 66. Rf1 Rf7 67. Rf5 e4 68. Rf4 e3 69. Rf3 e2 70. Re3 e1=Q+ 71. Rxe1
d2+ 72. Kd1 dxe1=Q+ 0-1

[Event "Detroit (MOR/2/18)"]
[Site "?"]
[Date "1990.??.??"]
[Round "?"]
[White "Mose, Greg"]
[Black "Rubel, J."]
[Result "1-0"]
[WhiteElo "1710"]
[BlackElo "1605"]
[PlyCount "91"]
[EventDate "1990.??.??"]

{2/(18)} 1. e4 d6 2. d4 Nf6 3. Nc3 g6 4. Nf3 Bg7 5. Be2 O-O 6. O-O Nbd7 7. Bd3
c5 8. d5 Nb6 9. b3 e6 10. Bg5 h6 11. Bh4 g5 12. Nxg5 hxg5 13. Bxg5 e5 14. Ne2
Bg4 15. f3 Bd7 16. f4 Qe8 17. f5 Nh7 18. h4 Bf6 19. Bh6 Bg7 20. Qd2 f6 21. g4
Bxh6 22. Qxh6 Qe7 23. Rf2 Rf7 24. Rg2 Rg7 25. Qe3 Kf7 26. Kh2 Rh8 27. Kg1 Qd8
28. Kf2 a6 29. Ng1 Nc8 30. Nf3 b5 31. c4 b4 32. Rag1 Rhg8 33. h5 Ng5 34. Be2
Rh8 35. Rh2 Rh6 36. Qc1 Qa5 37. Qb2 Ne7 38. Ra1 Ng8 39. a3 Qb6 40. Kf1 a5 41.
axb4 axb4 42. Qa2 Rh8 43. Qa7 Qxa7 44. Rxa7 Nh6 45. Rxd7+ Ke8 46. Ra7 1-0

[Event "Flint (Class B/1)"]
[Site "?"]
[Date "1990.??.??"]
[Round "?"]
[White "Mose, Greg"]
[Black "Rostrom, Richard"]
[Result "1-0"]
[WhiteElo "1660"]
[BlackElo "1720"]
[PlyCount "88"]
[EventDate "1990.??.??"]

1. e4 c6 2. d4 d5 3. Nc3 dxe4 4. Nxe4 Bf5 5. Nc3 Nf6 6. Nf3 Nbd7 7. Bc4 e6 8.
O-O Be7 9. Re1 O-O 10. Bg5 Nd5 11. Bxe7 Qxe7 12. Nxd5 cxd5 13. Bxd5 Qb4 14. Bb3
Rfd8 15. c3 Qe7 16. d5 Nc5 17. Nd4 Qg5 18. dxe6 fxe6 19. Bc4 Qg6 20. b4 Ne4 21.
Qf3 Nd2 22. Qxf5 Nxc4 23. Qxg6 hxg6 24. Rxe6 Kf7 25. Rae1 Rd7 26. Nf3 Rad8 27.
Ng5+ Kf8 28. h4 Nb2 29. Rxg6 Nd3 30. Ne6+ Kg8 31. Nxd8 Nxe1 32. Ne6 Rd1 33.
Rxg7+ Kh8 34. Kh2 Rd2 35. Kg3 Rd3+ 36. f3 Rd2 37. Kh3 Re2 38. Nf4 Rxa2 39. Rxb7
Nc2 40. Re7 Ra1 41. Kg4 Ne1 42. Kg5 Nc2 43. Kh6 Ra6+ 44. Ng6+ Kg8 1-0